000 00883cam a22002773a 4500
001 0000771
003 DO-SdBPM
005 20250604091602.0
007 0000771
008 8611121979 sp a 000 0 spa d
010 _a
020 _a8430511105
040 _aDO-SdBPM
_cspa
_dBPMSU
_d
082 4 _a923.546
_bP695H 1979
_222
100 1 _aHerrera, Juan Ignacio
245 1 0 _aFrancisco Pizarro /
_cJuan Ignacio Herrera ; ilustraciones Donato Lobo.
260 _aMadrid, España :
_bSusaeta ediciones,
_c1979.
300 _a98 p. :
_bil. ;
_c20 cm.
490 0 _aVidas ilustres,
_v4
590 _aInventariado, 2025/VM
600 1 4 _a Pizarro, Francisco,
_d1478?-1541.
_vBiografías
_x
651 4 _aPerú
_xHistoria
_yDescubrimiento y conquista, 1519-1536.
700 1 _aLobo, Donato,
_eilustración
910 _aVMateo V. Control de calidad. BPMSU
942 _2ddc
_cBK
999 _c11757
_d11757